000 01018nam a2200229 i 4500
001 178800
003 ES-MaACL
005 20240129115652.0
008 110704r20011846sp ah |||| |dspa d
080 _a821.131.1-3"15"
100 1 _aCroce, Giulio Cesare.
_941659
245 1 0 _aHistoria de la vida, hechos y astucias sutilísimas del rústico Bertoldo, la de Bertoldino su hijo, y la de Cacaseno su nieto
_b: obra de gran diversión y suma moralidad... /
_ctraducida del idioma toscano al castellano por don Juan Bartolomé.
246 3 4 _aBertoldo, Bertoldino y Cacaseno
260 _a[León] :
_bLibrería La Trastienda,
_c[2001]
300 _a298 p. :
_bil., grab. ;
_c17 cm.
534 _pReprod. de la ed. de:
_cBarcelona : Imp. y Librería de Antonio Sierra, 1846.
700 1 _aBanchieri, Adriano.
_925162
700 1 _aBartolomé, Juan.
_9147295
852 _aES-MaACL
_jA-11316
_9185661
_bR.145653
_cDEPO1
_dOlim: N-4320
942 _2udc
_cMONOGRAFIA
999 _c178800
_d178800